000
00260nam a22001217a 4500
082
_a
507.2 SEB'F
100
_a
SEBRELL, W.H
_9
56404
245
_a
FOOD AND NUTRITION
250
_a
2ND
260
_a
HONG KONG
_b
TIME-LIFE
_c
1980
300
_a
200P
942
_c
BK
999
_c
566833
_d
566833